[Event "Online Olym Div3 E 2020"]
[Site "chess.com INT"]
[Date "2020.07.07"]
[Round "3.4"]
[Board "5"]
[White "Escorcia Obando, Carlos David"]
[Black "Kalidjo, Imaan"]
[Result "1-0"]
[WhiteElo "1831"]
[BlackElo "1819"]
[WhiteTeam "Nicaragua"]
[BlackTeam "Suriname"]
[WhiteFideId "6106641"]
[BlackFideId "8202478"]
[EventDate "2020.07.07"]
[EventType "team"]

1. e4 c5 2. Nc3 Nc6 3. g3 g6 4. Bg2 Bg7 5. Nge2 e5 6. O-O Nge7 7. d3 O-O 8. Be3
Nd4 9. f4 d6 10. Rb1 a5 11. a4 Bd7 12. b3 Rb8 13. Qd2 Kh8 14. h3 Qc8 15. Kh2 f5
16. Nd5 Nxd5 17. exd5 Nxe2 18. Qxe2 Qc7 19. Qd2 b6 20. Rbe1 Rbe8 21. fxe5 dxe5
22. Bh6 Bc8 23. Bxg7+ Kxg7 24. Qc3 Qd6 25. Qd2 Re7 26. c4 Rfe8 27. Rf2 h6 28. h4
Qf6 29. Rfe2 Qd6 30. Qc3 Qf6 31. Rf1 Kh7 32. Qd2 Kg7 33. Rfe1 f4 34. gxf4 Qxh4+
35. Kg1 exf4 36. Rxe7+ Rxe7 37. Rxe7+ Qxe7 38. Qxf4 Qe1+ 39. Kh2 Bf5 40. d6 Qe6
41. d4 g5 42. Qe5+ Qxe5+ 43. dxe5 Kf7 44. Bd5+ Ke8 45. e6 h5 46. Bc6+ Kf8 47.
e7+ Kg7 48. e8=Q g4 49. Kg3 1-0

[Event "Online Olym Div3 E 2020"]
[Site "chess.com INT"]
[Date "2020.07.07"]
[Round "3.4"]
[Board "6"]
[White "Kaslan, Catherine"]
[Black "Munoz Cortez, Anahi Alexandra"]
[Result "1-0"]
[WhiteTitle "WFM"]
[WhiteElo "1872"]
[BlackElo "1284"]
[WhiteTeam "Suriname"]
[BlackTeam "Nicaragua"]
[WhiteFideId "8201390"]
[BlackFideId "6109527"]
[EventDate "2020.07.07"]
[EventType "team"]

1. e4 e5 2. Nf3 Nc6 3. d4 exd4 4. Nxd4 Nxd4 5. Qxd4 d6 6. Nc3 Nf6 7. Bg5 Be7 8.
O-O-O h6 9. Bf4 Be6 10. f3 a6 11. Kb1 Qd7 12. Nd5 Nxd5 13. exd5 Bf5 14. Bd3 Bf6
15. Rhe1+ Kd8 16. Qf2 Bxd3 17. Rxd3 Re8 18. Rde3 Rxe3 19. Qxe3 c6 20. Qb3 Rb8
21. dxc6 Qxc6 22. Qxf7 Rc8 23. Qb3 Rc7 24. Qg8+ Kd7 25. Qe8# 1-0

[Event "Online Olym Div3 E 2020"]
[Site "chess.com INT"]
[Date "2020.07.07"]
[Round "3.5"]
[Board "1"]
[White "Sanchez Alvarez, Roberto Carlos"]
[Black "Husbands, Orlando"]
[Result "1/2-1/2"]
[WhiteTitle "IM"]
[BlackTitle "IM"]
[WhiteElo "2409"]
[BlackElo "2324"]
[WhiteTeam "Panama"]
[BlackTeam "Barbados"]
[WhiteFideId "3508684"]
[BlackFideId "11101644"]
[EventDate "2020.07.07"]
[EventType "team"]

1. d4 d5 2. c4 c6 3. Nf3 Nf6 4. Nbd2 Bf5 5. Nh4 Be4 6. e3 e6 7. Be2 Be7 8. O-O
O-O 9. Nxe4 Nxe4 10. Nf3 Nd7 11. Qc2 Bd6 12. b3 f5 13. Bb2 Qf6 14. g3 g5 15. Bd3
Rf7 16. Nd2 g4 17. f3 gxf3 18. Nxf3 Qh6 19. Rae1 Raf8 20. Ne5 Rg7 21. Bxe4 fxe4
22. Rxf8+ Bxf8 23. Nxd7 Rxd7 24. Qe2 Rf7 25. Rf1 Rxf1+ 26. Kxf1 Qh3+ 27. Kg1 h5
28. Bc3 Bh6 29. Qf2 Qg4 30. Kg2 h4 31. h3 Qxg3+ 32. Qxg3+ hxg3 33. Bd2 e5 34.
cxd5 cxd5 35. dxe5 d4 36. Kxg3 dxe3 37. Bc3 Kf7 38. Kg2 Ke6 39. Kf1 b5 40. Ke2
a6 41. h4 Bf4 42. h5 Kf5 43. Bd4 Ke6 44. Bxe3 Bxe5 45. Bd2 Kf5 46. h6 Bd4 47.
Be3 Be5 48. Bd2 Bd4 49. Be3 Be5 50. Kd2 Kg6 51. Ke2 Kf5 1/2-1/2

[Event "Online Olym Div3 E 2020"]
[Site "chess.com INT"]
[Date "2020.07.07"]
[Round "3.5"]
[Board "2"]
[White "Farley, Terry"]
[Black "Baules, Jorge"]
[Result "1-0"]
[WhiteTitle "IM"]
[BlackTitle "IM"]
[WhiteElo "2219"]
[BlackElo "2355"]
[WhiteTeam "Barbados"]
[BlackTeam "Panama"]
[WhiteFideId "11100095"]
[BlackFideId "6600247"]
[EventDate "2020.07.07"]
[EventType "team"]

1. e4 c5 2. Nf3 d6 3. d4 cxd4 4. Nxd4 Nf6 5. Nc3 g6 6. Be2 Bg7 7. O-O O-O 8. Be3
Nc6 9. Nb3 Be6 10. f4 Qc8 11. Bf3 Bg4 12. h3 Bxf3 13. Rxf3 Rd8 14. Rf2 b5 15.
Qf3 Qe6 16. Rd1 Rac8 17. Re2 b4 18. Nd5 Nxe4 19. Bxa7 f5 20. Bb6 Rd7 21. Qd3 Qf7
22. a4 bxa3 23. bxa3 e6 24. Qa6 Re8 25. Nb4 Nxb4 26. axb4 Nc3 27. Red2 Nxd1 28.
Rxd1 h5 29. b5 e5 30. Be3 e4 31. b6 Rb8 32. Qb5 Qe7 33. Na5 Qe6 34. Nc6 Rbb7 35.
c4 Kh7 36. Nb4 Bf8 37. Nd5 Bg7 38. Rd2 Rd8 39. Ra2 Rdb8 40. Qc6 Qd7 41. Qxd7
Rxd7 42. Kf2 Rdb7 43. Ke2 1-0

[Event "Online Olym Div3 E 2020"]
[Site "chess.com INT"]
[Date "2020.07.07"]
[Round "3.5"]
[Board "3"]
[White "Chung, Yaleika"]
[Black "Figueroa, Julissa"]
[Result "0-1"]
[WhiteTitle "WFM"]
[BlackTitle "WCM"]
[WhiteElo "1706"]
[BlackElo "1658"]
[WhiteTeam "Panama"]
[BlackTeam "Barbados"]
[WhiteFideId "6600603"]
[BlackFideId "7300450"]
[EventDate "2020.07.07"]
[EventType "team"]

1. Nf3 d5 2. g3 e6 3. Bg2 Nf6 4. b3 Be7 5. Bb2 c5 6. O-O Nc6 7. c4 d4 8. d3 O-O
9. Nbd2 Qc7 10. Ng5 h6 11. Nge4 Nxe4 12. Nxe4 f5 13. Nd2 e5 14. Bd5+ Kh8 15. e3
Nb4 16. Qe2 Nxd5 17. cxd5 Bf6 18. Rac1 b6 19. a4 Qd7 20. e4 fxe4 21. dxe4 Bg5
22. Rcd1 Qh3 23. Nc4 Ba6 24. f3 Bxc4 25. bxc4 Rf6 26. Bc1 Raf8 27. Bxg5 hxg5 28.
Qg2 Qh5 29. g4 Qg6 30. Qg3 Rf4 31. Kg2 Qe8 32. Ra1 R8f6 33. h4 gxh4 34. Qxh4+
Rh6 35. Qg5 Qg6 36. Qxg6 Rxg6 37. Rh1+ Rh6 38. Rxh6+ gxh6 39. Rh1 Kg7 40. Rh5 d3
41. Kf2 d2 42. Rh1 h5 43. gxh5 Kh6 44. Ke3 Rf6 45. Rd1 Kxh5 46. Rxd2 Kh4 47. d6
Rf8 48. d7 Rd8 49. Rd5 Kg5 50. f4+ Kf6 51. fxe5+ Ke6 52. Kd3 Rxd7 53. Rxd7 Kxd7
54. Ke3 Ke6 55. Kf4 a6 56. Ke3 Kxe5 57. Kd3 Kf4 58. e5 Kxe5 59. Ke3 Kd6 60. Ke4
Kc6 61. Ke5 b5 62. cxb5+ axb5 63. axb5+ Kxb5 64. Ke4 Kc4 65. Ke3 Kc3 66. Ke2 Kc2
67. Ke3 c4 0-1

[Event "Online Olym Div3 E 2020"]
[Site "chess.com INT"]
[Date "2020.07.07"]
[Round "3.5"]
[Board "4"]
[White "Moore, Gaybrianna"]
[Black "Barria Baker, Raisa Melissa"]
[Result "0-1"]
[BlackTitle "WFM"]
[WhiteElo "1375"]
[BlackElo "1955"]
[WhiteTeam "Barbados"]
[BlackTeam "Panama"]
[WhiteFideId "11103760"]
[BlackFideId "6600336"]
[EventDate "2020.07.07"]
[EventType "team"]

1. d4 d5 2. Bf4 Nf6 3. e3 e6 4. Nf3 Bd6 5. Bd3 O-O 6. Nbd2 c5 7. c3 Nc6 8. Bg3
Re8 9. a3 e5 10. dxe5 Nxe5 11. Nxe5 Bxe5 12. Bxe5 Rxe5 13. Nf3 Bg4 14. O-O Qb6
15. Rb1 Ne4 16. Be2 Re6 17. Qxd5 Rd8 18. Qc4 Bxf3 19. Bxf3 Nd2 20. Qh4 Rh6 21.
Qe7 Nxf1 22. Rxf1 Qd6 23. Qxd6 Rhxd6 24. Bxb7 Rb8 25. Ba6 Rxa6 26. Rb1 Rxa3 27.
h3 Rxc3 28. Kf1 Rc2 0-1

[Event "Online Olym Div3 E 2020"]
[Site "chess.com INT"]
[Date "2020.07.07"]
[Round "3.5"]
[Board "5"]
[White "Mendez, Andre"]
[Black "Haynes, Aaron"]
[Result "1/2-1/2"]
[WhiteElo "1651"]
[BlackElo "1479"]
[WhiteTeam "Panama"]
[BlackTeam "Barbados"]
[WhiteFideId "6603793"]
[BlackFideId "11103590"]
[EventDate "2020.07.07"]
[EventType "team"]

1. e4 c5 2. Nc3 g6 3. f4 Bg7 4. Nf3 Nc6 5. Bc4 e6 6. d3 Nge7 7. O-O O-O 8. Qe1
d5 9. Bb3 dxe4 10. dxe4 Nd4 11. Qf2 Nec6 12. Be3 Nxf3+ 13. Qxf3 Nd4 14. Bxd4
cxd4 15. Ne2 Qb6 16. Kh1 Bd7 17. Rfd1 Bc6 18. Ng3 Rad8 19. Qg4 Bd7 20. Rf1 Qc5
21. Qh4 a5 22. a4 Kh8 23. Rf3 f5 24. exf5 exf5 25. Ne2 Bf6 26. Qh6 Bg7 27. Qh4
Bf6 28. Qh6 Bg7 29. Qh4 1/2-1/2

[Event "Online Olym Div3 E 2020"]
[Site "chess.com INT"]
[Date "2020.07.07"]
[Round "3.5"]
[Board "6"]
[White "Greenidge, Vanessa"]
[Black "Vasquez Jaen, Lourdes Lorena"]
[Result "1-0"]
[WhiteElo "1496"]
[BlackElo "1539"]
[WhiteTeam "Barbados"]
[BlackTeam "Panama"]
[WhiteFideId "11103876"]
[BlackFideId "6605559"]
[EventDate "2020.07.07"]
[EventType "team"]

1. d4 d5 2. c4 e6 3. Nc3 Nf6 4. cxd5 exd5 5. Bg5 Be7 6. e3 O-O 7. Qc2 c6 8. Bd3
Nbd7 9. Nge2 h6 10. Bh4 b6 11. O-O Bb7 12. Rad1 Rc8 13. Bf5 Ra8 14. Qd2 Nh7 15.
Bxe7 Qxe7 16. Ng3 Ndf6 17. Bb1 Ng5 18. Qd3 Rfe8 19. Rfe1 Qb4 20. h4 Nge4 21.
Ncxe4 Nxe4 22. Nxe4 dxe4 23. Qc3 Qe7 24. g3 Qf6 25. Rd2 Qf3 26. Qc2 Re6 27. Qd1
Qf5 28. Kg2 Qf6 29. Rh1 Rae8 30. Qg4 Qg6 31. Qxg6 fxg6 32. Rc2 Rf6 33. b4 Ref8
34. Rf1 Bc8 35. Rd2 Re8 36. a4 Bd7 37. a5 bxa5 38. bxa5 Rf5 39. Ra2 Rb5 40. Bc2
Bf5 41. a6 Reb8 42. Ba4 R5b6 43. Rc1 Rxa6 44. Rxc6 Rxc6 45. Bxc6 Rc8 46. d5 Rc7
47. Ra6 Kf8 48. Kf1 Ke7 49. Ke2 Kd8 50. Kd2 Ke7 51. Kc3 Bd7 52. Kd4 Bxc6 53.
dxc6 Kd6 54. Kxe4 Rxc6 55. Rxa7 Rc4+ 56. Kd3 Rb4 57. Rxg7 Rb3+ 58. Kd4 Rb4+ 59.
Kc3 Rb1 60. Rxg6+ Ke5 61. Rxh6 Rf1 62. f4+ Ke4 63. h5 Kxe3 64. Rf6 Rh1 65. h6
Kf3 66. f5 Kxg3 67. Kd4 Kg4 68. Ke5 Re1+ 69. Kd6 Kg5 70. h7 Rh1 71. Rf7 Rd1+ 72.
Ke7 Re1+ 73. Kf8 Rg1 74. h8=Q 1-0

[Event "Online Olym Div3 E 2020"]
[Site "chess.com INT"]
[Date "2020.07.08"]
[Round "4.1"]
[Board "1"]
[White "Cu Hor, Winston Darwin"]
[Black "Del Castilho, Martyn"]
[Result "0-1"]
[WhiteTitle "FM"]
[BlackTitle "FM"]
[WhiteElo "2333"]
[BlackElo "2293"]
[WhiteTeam "Guatemala"]
[BlackTeam "Barbados"]
[WhiteFideId "7300662"]
[BlackFideId "11100400"]
[EventDate "2020.07.07"]
[EventType "team"]

1. Nc3 Nf6 2. e4 e5 3. f4 d5 4. fxe5 Nxe4 5. Nf3 Be7 6. d3 Nxc3 7. bxc3 c5 8.
Be2 O-O 9. O-O Nc6 10. Bf4 Qa5 11. Qe1 Qa4 12. Qg3 Bf5 13. Bd1 Rad8 14. Rf2 Qa3
15. Rb1 b6 16. h4 Qxa2 17. Rc1 Qb2 18. h5 Kh8 19. Bd2 a5 20. Nh2 Be6 21. Bg4 a4
22. Rff1 a3 23. Nf3 a2 24. h6 gxh6 25. Bxe6 fxe6 26. Bxh6 Rg8 27. Qe1 Rg6 28.
Bf4 Rg4 29. Qd2 Rdg8 30. g3 b5 31. Ra1 d4 32. cxd4 Nxd4 33. Kf2 Nxf3 34. Kxf3 c4
35. Qc1 Qd4 36. Qe3 Rxg3+ 37. Bxg3 Rxg3+ 38. Kxg3 Qxe3+ 39. Kg2 Qg5+ 40. Kh1
Qh4+ 41. Kg2 Qg4+ 42. Kh2 Qe2+ 43. Kh3 Qxc2 44. dxc4 b4 45. Rad1 Qxd1 46. Rxd1
b3 0-1

[Event "Online Olym Div3 E 2020"]
[Site "chess.com INT"]
[Date "2020.07.08"]
[Round "4.1"]
[Board "2"]
[White "Blackman, Justin"]
[Black "Lorenzana, Wilson Estuardo"]
[Result "1/2-1/2"]
[WhiteTitle "FM"]
[BlackTitle "IM"]
[WhiteElo "2192"]
[BlackElo "2220"]
[WhiteTeam "Barbados"]
[BlackTeam "Guatemala"]
[WhiteFideId "11100516"]
[BlackFideId "7300239"]
[EventDate "2020.07.07"]
[EventType "team"]

1. e4 c5 2. Nf3 e6 3. d4 cxd4 4. Nxd4 a6 5. c4 Nf6 6. Nc3 Qc7 7. Be2 d6 8. O-O
Nbd7 9. Be3 b6 10. Rc1 Bb7 11. f3 Be7 12. Qd2 O-O 13. Rfd1 Rac8 14. Bf1 Rfe8 15.
Qf2 Qb8 16. Kh1 Bd8 17. Qg1 Bc7 18. Nb3 h5 19. a4 Ba8 20. Na1 Ne5 21. Nc2 Nfd7
22. b4 Bb7 23. h3 h4 24. Qf2 Ng6 25. Nd4 Bd8 26. Nb3 Ba8 27. Qa2 Nf6 28. c5 dxc5
29. bxc5 Qa7 30. a5 b5 31. Bxb5 axb5 32. Nxb5 Qb8 33. Nd6 Bc7 34. Nxe8 Rxe8 35.
Nd4 Bf4 36. Qd2 Nh5 37. Ne2 Bxe3 38. Qxe3 Bc6 39. Rb1 Qc7 40. Rb6 Rc8 41. a6 Ba8
42. Rdd6 Kh7 43. Qg5 Nf6 44. Nf4 Nxf4 45. Qxf4 Qxc5 46. Qxh4+ Kg8 47. Qe1 Qg5
48. Rd2 Nh5 49. a7 Ng3+ 50. Kh2 Nf1+ 51. Qxf1 Qxd2 52. Rb8 Qd6+ 53. e5 Qxe5+ 54.
f4 Qc7 55. Qb5 Qxf4+ 56. Kg1 Qc1+ 57. Kh2 Kh7 58. Qh5+ Kg8 59. Qe5 Kh7 60. Qh5+
Kg8 61. Qe5 g6 62. Rxc8+ Qxc8 63. Qb8 Qf8 64. Kg3 Kg7 65. Kh2 Bd5 66. Qe5+ f6
67. Qb8 Qf7 68. a8=Q Bxa8 69. Qxa8 Qc7+ 70. Kh1 e5 71. Qe8 Qf7 72. Qd8 e4 73.
Qd4 Qe7 74. Qe3 g5 75. g4 Qe5 76. Kg2 Kg6 77. Qb3 Qe8 78. Qc2 Qe6 79. Kf2 Qe5
80. Kg2 Qf4 81. Qe2 Kh6 82. Kh1 e3 83. Kg2 Kg7 84. Qc2 Qd4 85. Qc7+ Kh6 86. Qe7
Qd2+ 87. Kh1 Qe1+ 88. Kh2 Qf2+ 89. Kh1 Qf3+ 90. Kh2 Qe2+ 91. Kh1 Qd1+ 92. Kh2
Qc2+ 93. Kh1 e2 94. Qxf6+ Qg6 95. Qf8+ Qg7 96. Qd6+ Qg6 97. Qf8+ Qg7 98. Qd6+
Qg6 99. Qf8+ 1/2-1/2

[Event "Online Olym Div3 E 2020"]
[Site "chess.com INT"]
[Date "2020.07.08"]
[Round "4.1"]
[Board "3"]
[White "Mazariegos, Silvia Carolina"]
[Black "Blackman, Katrina"]
[Result "1-0"]
[WhiteTitle "WIM"]
[BlackTitle "WCM"]
[WhiteElo "1933"]
[BlackElo "1701"]
[WhiteTeam "Guatemala"]
[BlackTeam "Barbados"]
[WhiteFideId "7300115"]
[BlackFideId "11100540"]
[EventDate "2020.07.07"]
[EventType "team"]

1. d4 e6 2. Bf4 f5 3. e4 fxe4 4. Nd2 d5 5. f3 exf3 6. Ngxf3 Nf6 7. Bd3 Bd6 8.
Bg5 O-O 9. O-O Bd7 10. Qe1 Qe7 11. Ne5 Be8 12. Qh4 Bxe5 13. dxe5 Qc5+ 14. Kh1
Ne4 15. Nxe4 dxe4 16. Bxe4 Bg6 17. Bxg6 hxg6 18. Be7 Rxf1+ 19. Rxf1 Nd7 20. Bxc5
Nxc5 21. Qe7 Ne4 22. Qxe6+ Kh8 23. Qd5 Ng5 24. e6 c6 25. Qxg5 1-0

[Event "Online Olym Div3 E 2020"]
[Site "chess.com INT"]
[Date "2020.07.08"]
[Round "4.1"]
[Board "4"]
[White "Eversley, Kiarra"]
[Black "Mencos Castillo, Maria"]
[Result "0-1"]
[BlackTitle "WIM"]
[WhiteElo "1300"]
[BlackElo "1865"]
[WhiteTeam "Barbados"]
[BlackTeam "Guatemala"]
[WhiteFideId "11103426"]
[BlackFideId "7300867"]
[EventDate "2020.07.07"]
[EventType "team"]

1. e4 e5 2. d4 exd4 3. Nf3 Nc6 4. Nxd4 Bc5 5. Nb3 Bb6 6. Nc3 d6 7. Qe2 Be6 8.
Be3 Nf6 9. f3 Qe7 10. O-O-O Bxe3+ 11. Qxe3 a5 12. Nd4 O-O 13. Nxc6 bxc6 14. Be2
Rfb8 15. Rhe1 Qe8 16. a3 Qc8 17. e5 Nd5 18. Nxd5 cxd5 19. exd6 cxd6 20. Qd4 Rb7
21. Rd3 Rc7 22. Rd2 Rb8 23. Bd3 Qb7 24. Ree2 Qb3 25. c3 Rcb7 26. Rc2 Qa2 27. Kd2
Rxb2 28. Rxb2 Rxb2+ 29. Ke3 Rxe2+ 30. Bxe2 Qxa3 31. Bd1 Qc5 32. Ba4 Kf8 0-1

[Event "Online Olym Div3 E 2020"]
[Site "chess.com INT"]
[Date "2020.07.08"]
[Round "4.1"]
[Board "5"]
[White "Garcia Y., Brayan Alexis"]
[Black "Mahtani, Nitin"]
[Result "1-0"]
[WhiteElo "1847"]
[BlackElo "1736"]
[WhiteTeam "Guatemala"]
[BlackTeam "Barbados"]
[WhiteFideId "7303041"]
[BlackFideId "11102870"]
[EventDate "2020.07.07"]
[EventType "team"]

1. d4 d5 2. c4 c6 3. Nf3 Nf6 4. Nc3 e6 5. Bg5 Nbd7 6. e3 Qa5 7. Nd2 Bb4 8. Qc2
O-O 9. Be2 dxc4 10. Bxf6 Nxf6 11. Nxc4 Qc7 12. O-O b6 13. Rac1 Bb7 14. Ne5 Rac8
15. Qb3 Be7 16. Bf3 c5 17. Nb5 Qb8 18. Rfd1 Bxf3 19. Nxf3 Rfd8 20. Qa4 a5 21. h3
Nd5 22. Ne5 Bf6 23. Ng4 Be7 24. Nc3 cxd4 25. Nxd5 Rxd5 26. Rxc8+ Qxc8 27. Rxd4
Qc1+ 28. Kh2 Qc7+ 29. f4 Rxd4 30. Qxd4 Bc5 31. Qa4 Kf8 32. Qc2 h5 33. Ne5 g6 34.
Qe4 Bd6 35. Nc4 Bc5 36. a3 Kg7 37. Ne5 Bd6 38. Nf3 Be7 39. b4 axb4 40. axb4 Bf6
41. Qd3 e5 42. Qe4 exf4 43. exf4 Qe7 44. Qxe7 Bxe7 45. b5 Bd6 46. g3 f6 47. Kg2
Kf7 48. Kf2 Ke6 49. Ke3 Kd5 50. Kd3 Kc5 51. Nd4 h4 52. gxh4 Kb4 53. f5 gxf5 54.
Nxf5 Bf8 55. h5 Kxb5 56. h6 Bxh6 57. Nxh6 Kc5 58. Nf5 Kd5 59. h4 Ke6 60. Ke4 Kf7
61. h5 b5 62. Kd4 Ke6 63. h6 Kxf5 64. h7 b4 65. h8=Q b3 66. Qb8 Kg4 67. Qxb3 f5
68. Ke5 f4 69. Qc4 Kg3 70. Qxf4+ 1-0

[Event "Online Olym Div3 E 2020"]
[Site "chess.com INT"]
[Date "2020.07.08"]
[Round "4.1"]
[Board "6"]
[White "Greenidge, Vanessa"]
[Black "Juarez Garcia, Daniela"]
[Result "0-1"]
[WhiteElo "1496"]
[BlackElo "1625"]
[WhiteTeam "Barbados"]
[BlackTeam "Guatemala"]
[WhiteFideId "11103876"]
[BlackFideId "7302703"]
[EventDate "2020.07.07"]
[EventType "team"]

1. d4 d5 2. c4 c6 3. Nf3 Nf6 4. Nc3 e6 5. e3 Be7 6. Qc2 Nbd7 7. Bd3 O-O 8. O-O
b6 9. e4 dxe4 10. Nxe4 Bb7 11. Qe2 c5 12. Nxf6+ Bxf6 13. Rd1 Qc7 14. Bc2 Rad8
15. Bg5 Bxf3 16. Qxf3 Bxg5 17. h4 Bf6 18. Qe4 g6 19. h5 cxd4 20. Qg4 Nc5 21. b4
Nb7 22. Rd3 Qxc4 23. Rc1 Qd5 24. Rg3 Bg7 25. hxg6 hxg6 26. Be4 Qd7 27. Rd1 Nd6
28. Bb1 Ne8 29. Rh3 Nf6 30. Qh4 Qd5 31. Rdd3 Qh5 32. Qg3 Qg4 33. Qc7 Nd5 34.
Qxa7 Nf4 35. Rhg3 Ne2+ 36. Kf1 Nxg3+ 37. Rxg3 Qd1# 0-1

[Event "Online Olym Div3 E 2020"]
[Site "chess.com INT"]
[Date "2020.07.08"]
[Round "4.2"]
[Board "1"]
[White "Panchoe, Pratul"]
[Black "Baules, Jorge"]
[Result "1/2-1/2"]
[BlackTitle "IM"]
[WhiteElo "1837"]
[BlackElo "2355"]
[WhiteTeam "Suriname"]
[BlackTeam "Panama"]
[WhiteFideId "8201668"]
[BlackFideId "6600247"]
[EventDate "2020.07.07"]
[EventType "team"]

1. d4 Nf6 2. Bf4 g6 3. Nf3 Bg7 4. e3 O-O 5. Nbd2 d6 6. Bd3 Nbd7 7. O-O Re8 8.
Bg3 e5 9. dxe5 dxe5 10. Bc4 h6 11. c3 Qe7 12. Qc2 Kh8 13. Rad1 Nh5 14. Nh4 Nf8
15. Qb3 Ne6 16. Ne4 Rf8 17. Rd2 Kh7 18. f4 f5 19. fxe5 fxe4 20. Rxf8 Bxf8 21.
Rf2 Bg7 22. Bd5 Nxg3 23. hxg3 Bd7 24. Bxe4 Be8 25. Nxg6 Bxg6 26. Bxg6+ Kh8 27.
Rf7 Qg5 28. Qxe6 Qxe3+ 29. Kh2 Rg8 30. Bf5 Qg5 31. Bg6 Qd8 32. Rd7 Qg5 33. Rxc7
Rd8 34. Qf7 Qxe5 35. Rxb7 a5 36. Re7 Qf6 37. Re8+ Rxe8 38. Qxe8+ Bf8 39. Qe4 Bd6
40. Bf5 Kg7 41. Qg4+ Kf8 42. Be4 a4 43. Qf5 Qxf5 44. Bxf5 Bc5 45. Kh3 Be3 46. b3
axb3 47. axb3 Bd2 48. c4 Bb4 49. Bd7 Ke7 50. Bf5 Kd6 51. Kg4 Kc5 52. Kh5 Bd2 53.
Bd7 Kb4 54. Ba4 Kc5 55. g4 Kb4 56. Kg6 Kc5 57. Kf5 Bc1 58. Ke4 Bd2 59. Kd3 Be1
60. Bd7 Bb4 61. g3 Be1 62. Kc2 Bxg3 63. Kb2 Be1 64. Ka3 Bc3 65. Ka4 Bd2 66. Bf5
Bc3 67. Be6 Bd2 68. Ka3 Bc3 69. Ka4 Bd2 1/2-1/2

[Event "Online Olym Div3 E 2020"]
[Site "chess.com INT"]
[Date "2020.07.08"]
[Round "4.2"]
[Board "2"]
[White "Leon, Orlando"]
[Black "Sanches, Casanova Romario"]
[Result "1-0"]
[WhiteTitle "FM"]
[BlackTitle "CM"]
[WhiteElo "2220"]
[BlackElo "2066"]
[WhiteTeam "Panama"]
[BlackTeam "Suriname"]
[WhiteFideId "6600913"]
[BlackFideId "8200211"]
[EventDate "2020.07.07"]
[EventType "team"]

1. e4 c5 2. Nf3 d6 3. d4 cxd4 4. Nxd4 Nf6 5. Nc3 a6 6. Bg5 Nbd7 7. Qf3 e6 8.
O-O-O Be7 9. g4 h6 10. Bh4 Ne5 11. Qe2 g5 12. Bg3 Qa5 13. h4 gxh4 14. Bxh4 b5
15. f4 Nc4 16. Nc6 Qc7 17. Nxe7 Kxe7 18. e5 dxe5 19. Ne4 Kf8 20. Bxf6 Rh7 21.
Rd8+ 1-0

[Event "Online Olym Div3 E 2020"]
[Site "chess.com INT"]
[Date "2020.07.08"]
[Round "4.2"]
[Board "3"]
[White "dos Ramos, Rosangela"]
[Black "Barria Baker, Raisa Melissa"]
[Result "0-1"]
[WhiteTitle "WFM"]
[BlackTitle "WFM"]
[WhiteElo "1765"]
[BlackElo "1955"]
[WhiteTeam "Suriname"]
[BlackTeam "Panama"]
[WhiteFideId "8200521"]
[BlackFideId "6600336"]
[EventDate "2020.07.07"]
[EventType "team"]

1. g3 d5 2. d4 Nf6 3. Bg2 c5 4. e3 Nc6 5. Nf3 Bg4 6. h3 Bh5 7. c3 e6 8. Nbd2
cxd4 9. exd4 Bd6 10. O-O O-O 11. Re1 Qc7 12. g4 Bg6 13. Nh4 Rae8 14. Nf1 Be4 15.
g5 Bxg2 16. Kxg2 Ne4 17. Be3 f5 18. f3 Ng3 19. Bf2 Nh5 20. Be3 f4 21. Bf2 Qe7
22. Kh2 Qxg5 23. Nd2 Ng3 24. Rg1 Qxh4 25. Qe1 Rf6 26. Bxg3 fxg3+ 27. Kg2 Rh6 28.
Rh1 e5 29. dxe5 Rxe5 30. Qf1 Qf4 31. Qd3 Rhe6 0-1

[Event "Online Olym Div3 E 2020"]
[Site "chess.com INT"]
[Date "2020.07.08"]
[Round "4.2"]
[Board "4"]
[White "Rondon Chacon, Yolys Desiree"]
[Black "Kaslan, Alexandra"]
[Result "1/2-1/2"]
[BlackTitle "WCM"]
[WhiteElo "1707"]
[BlackElo "1435"]
[WhiteTeam "Panama"]
[BlackTeam "Suriname"]
[WhiteFideId "3903508"]
[BlackFideId "8201340"]
[EventDate "2020.07.07"]
[EventType "team"]

1. d4 d6 2. Nf3 g6 3. c4 Bg7 4. Nc3 Nf6 5. g3 O-O 6. Bg2 Nbd7 7. O-O c6 8. e4 e5
9. d5 Nc5 10. Ne1 Qc7 11. Nd3 Bg4 12. f3 Bd7 13. Nxc5 dxc5 14. dxc6 Bxc6 15. Nd5
Qd7 16. Bg5 Bxd5 17. cxd5 Ne8 18. Qb3 Nd6 19. Rac1 Rfc8 20. Rfd1 b5 21. Qe3 Nc4
22. Qf2 h6 23. Be3 Bf8 24. b3 Nxe3 25. Qxe3 Kh7 26. Rc2 Be7 27. d6 Bxd6 28. Rcd2
Rc6 29. Rd5 Qe7 30. Qd2 Rd8 31. Bf1 a6 32. Kg2 g5 33. Kg1 f6 34. Bh3 Kg7 35. Bf5
Rb6 36. Kg2 Rc6 37. h3 Kf7 38. Kh2 1/2-1/2

[Event "Online Olym Div3 E 2020"]
[Site "chess.com INT"]
[Date "2020.07.08"]
[Round "4.2"]
[Board "5"]
[White "Kalidjo, Imaan"]
[Black "Batista Rosas, Nicolas Arturo"]
[Result "1/2-1/2"]
[WhiteElo "1819"]
[BlackElo "1654"]
[WhiteTeam "Suriname"]
[BlackTeam "Panama"]
[WhiteFideId "8202478"]
[BlackFideId "6607918"]
[EventDate "2020.07.07"]
[EventType "team"]

1. d4 c6 2. Bf4 d5 3. Nf3 Nf6 4. e3 Bf5 5. Bd3 Bg6 6. O-O e6 7. Bg3 Nbd7 8. Re1
Be7 9. a4 O-O 10. Bxg6 hxg6 11. Nbd2 Ne4 12. Nxe4 dxe4 13. Nd2 Nf6 14. c3 a5 15.
Qc2 c5 16. Nxe4 cxd4 17. Nxf6+ Bxf6 18. exd4 Rc8 19. Qe4 Qd7 20. h3 Rc4 21. Bf4
b6 22. Qd3 Rxa4 23. Qa6 Bd8 24. Rxa4 Qxa4 25. Be5 Qb3 26. Qe2 Bf6 27. Bxf6 gxf6
28. h4 Qd5 29. Qg4 Kg7 30. Re3 Rh8 31. Rh3 Qb5 32. Kh2 Qxb2 33. h5 Qc2 34. hxg6
Rxh3+ 35. Kxh3 Qxc3+ 36. f3 fxg6 37. Qxe6 Qxd4 38. Qe7+ Kh6 39. Qf8+ Kg5 40. g3
Qd7+ 41. Kg2 Qd2+ 42. Kh3 Qd7+ 43. Kg2 Qd2+ 44. Kh3 Qd7+ 1/2-1/2